LEADER 00852nam0-22002891i-450- 001 990001872830403321 005 20021010 035 $a000187283 035 $aFED01000187283 035 $a(Aleph)000187283FED01 035 $a000187283 100 $a20021010d--------km-y0itay50------ba 101 0 $aita 200 1 $a<>chimica agraria e i suoi rapporti con l' agricoltura e con la biologia$fFrancesco Scurti. 210 $aRoma$cTip. Italia$d1910. 215 $a15 p.$d24 cm 610 0 $aChimica agraria 676 $a630.24 700 1$aScurti,$bFrancesco$0355125 801 0$aIT$bUNINA$gRICA$2UNIMARC 901 $aBK 912 $a990001872830403321 952 $a60 MISC. B 156/22$b$fFAGBC 959 $aFAGBC 996 $aChimica agraria e i suoi rapporti con l' agricoltura e con la biologia$9400938 997 $aUNINA DB $aING01 LEADER 01102nam2 22002651i 450 001 UON00039448 005 20231205102139.177 100 $a20020107d1970 |0itac50 ba 101 $aeng 102 $aDZ 105 $a|||| 1|||| 200 1 $aˆThe ‰oases 210 $a[Alger$cMinistry of Information and Culture$d1970] 215 $a84 p.$cill.$d21 cm 461 1$1001UON00039440$12001 $aˆThe ‰Faces of Algeria$1210 $a[Alger$cMinistry of Information and Culture$d19-$1215 $a p.$d cm$v6 606 $aAlgeria$xGuide$3UONC013320$2FI 620 $aNL$dAmsterdam$3UONL001817 686 $aALG I$cALGERIA - INTERDISCIPLINARE$2A 712 $aMinistère de l'Information et de la Culture (Algeria)$3UONV252021$4650 801 $aIT$bSOL$c20260410$gRICA 899 $aSIBA - SISTEMA BIBLIOTECARIO DI ATENEO E ARCHIVIO STORICO$2UONSI 912 $aUON00039448 950 $aSIBA - SISTEMA BIBLIOTECARIO DI ATENEO E ARCHIVIO STORICO$dSI ALG I 006 (6) $eSI SA 11437 5 006 (6) 996 $aOases$91208717 997 $aUNIOR